[Event "29th Cappelle-la-Grande"]
[Site "Cappelle la Grande FRA"]
[Date "2013.02.23"]
[EventDate "2013.02.23"]
[Round "1.71"]
[Result "1/2-1/2"]
[White "Andjelija Stojanovic"]
[Black "Tal Baron"]
[WhiteElo "2258"]
[BlackElo "2470"]
[PlyCount "86"]

1. Nf3 Nf6 2. c4 e6 3. g3 d5 4. Bg2 dxc4 5. Qa4+ c6 6. Qxc4 b5
7. Qc2 Bb7 8. d4 Nbd7 9. a4 a6 10. O-O Rc8 11. Nfd2 Qb6
12. Nb3 c5 13. Bxb7 Qxb7 14. Na5 Qb8 15. axb5 cxd4 16. Qd3
axb5 17. Na3 b4 18. N3c4 Bc5 19. Nb3 O-O 20. Bg5 Rfd8 21. Ra5
Be7 22. Bf4 Qb7 23. Nd6 Bxd6 24. Bxd6 Nb6 25. Bc5 Nfd7
26. Bxb6 Nxb6 27. Rb5 Qc6 28. Rxb4 e5 29. Qb5 Nd5 30. Qxc6
Rxc6 31. Rb5 Rb6 32. Rxb6 Nxb6 33. f4 f6 34. fxe5 fxe5 35. Nc5
Nc4 36. b4 h6 37. Rc1 Na3 38. Nd3 e4 39. Nc5 Re8 40. Nb3 d3
41. exd3 exd3 42. Rd1 Nc2 43. Rxd3 Nxb4 1/2-1/2

[Event "29th Cappelle-la-Grande"]
[Site "Cappelle la Grande FRA"]
[Date "2013.02.24"]
[EventDate "2013.02.23"]
[Round "2.54"]
[Result "1-0"]
[White "Nebojsa Nikcevic"]
[Black "Andjelija Stojanovic"]
[WhiteElo "2452"]
[BlackElo "2258"]
[PlyCount "75"]

1. Nf3 d5 2. c4 c6 3. d4 Nf6 4. Nc3 dxc4 5. e3 b5 6. a4 b4
7. Na2 a5 8. Bxc4 e6 9. O-O Be7 10. Qe2 O-O 11. e4 Ba6 12. b3
c5 13. d5 exd5 14. exd5 Nxd5 15. Rd1 Bf6 16. Bb2 Bxc4 17. bxc4
Qe7 18. Qxe7 Nxe7 19. Bxf6 gxf6 20. Nc1 Nbc6 21. Nb3 Ne5
22. Nxe5 fxe5 23. Rd7 Nf5 24. Rd5 Nd4 25. Nxc5 Rfc8 26. Rxe5
Rxc5 27. Rxc5 Nb3 28. Rg5+ Kf8 29. Rd1 Re8 30. g3 Re4 31. Rd8+
Ke7 32. Rd3 Nd4 33. Rxa5 b3 34. Ra7+ Kd6 35. Rb7 Kc5 36. Rxd4
Rxd4 37. Rxb3 Kxc4 38. Rb7 1-0

[Event "29th Cappelle-la-Grande"]
[Site "Cappelle la Grande FRA"]
[Date "2013.02.26"]
[EventDate "2013.02.23"]
[Round "5.51"]
[Result "0-1"]
[White "Andjelija Stojanovic"]
[Black "Mehrshad Sharif"]
[WhiteElo "2258"]
[BlackElo "2444"]
[PlyCount "128"]

1. Nf3 b6 2. e4 Bb7 3. Nc3 Nf6 4. e5 Nd5 5. Nxd5 Bxd5 6. d4 e6
7. Be2 c5 8. c4 Bxf3 9. Bxf3 Nc6 10. d5 Nxe5 11. dxe6 Nxf3+
12. Qxf3 fxe6 13. Bg5 Be7 14. Bxe7 Kxe7 15. Rd1 Qc7 16. O-O
Raf8 17. Qg4 Rf7 18. Qg5+ Ke8 19. Rfe1 Rhf8 20. f3 Re7 21. Re4
Rf5 22. Qh4 g6 23. Qe1 Kf7 24. Rd5 d6 25. Rxf5+ exf5 26. Rxe7+
Qxe7 27. Qd2 Qe5 28. Kf1 Qxh2 29. Qd5+ Kf6 30. Qg8 Qh1+
31. Kf2 Qh4+ 32. Kf1 Ke7 33. b3 Qh6 34. Kg1 g5 35. Qc8 Qe6
36. Qb7+ Qd7 37. Qd5 Kf6 38. Qg8 Qf7 39. Qd8+ Qe7 40. Qh8+ Kg6
41. Qg8+ Qg7 42. Qe6+ Qf6 43. Qg8+ Kh6 44. Kh2 Qe7 45. Kh3 Qg7
46. Qd8 Qe5 47. Qf8+ Kg6 48. Qg8+ Qg7 49. Qe6+ Qf6 50. Qg8+
Kh6 51. Kh2 g4 52. f4 Qh4+ 53. Kg1 Qf6 54. Kh2 Qe7 55. Kg1 Kh5
56. Kh2 Kh4 57. a3 h6 58. b4 cxb4 59. axb4 a5 60. bxa5 bxa5
61. c5 dxc5 62. g3+ Kh5 63. Qc4 Kg6 64. Qg8+ Kh5 0-1

[Event "29th Cappelle-la-Grande"]
[Site "Cappelle la Grande FRA"]
[Date "2013.03.01"]
[EventDate "2013.02.23"]
[Round "8.41"]
[Result "1-0"]
[White "Vitaliy Kiselev"]
[Black "Andjelija Stojanovic"]
[WhiteElo "2517"]
[BlackElo "2258"]
[PlyCount "79"]

1. d4 Nf6 2. c4 c5 3. d5 e6 4. Nc3 exd5 5. cxd5 d6 6. Nf3 g6
7. Nd2 a6 8. a4 Nbd7 9. e4 Bg7 10. Be2 O-O 11. O-O Re8 12. Ra3
h6 13. Qc2 Qe7 14. Re1 g5 15. Nc4 Ne5 16. Nb6 Rb8 17. Nd1 Ng6
18. f3 Nd7 19. Nxc8 Rbxc8 20. Kh1 Be5 21. Ne3 Kh7 22. g3 Qf8
23. a5 Qe7 24. Bf1 Rg8 25. Bh3 Rc7 26. Rf1 Rb8 27. Nf5 Qf8
28. f4 gxf4 29. gxf4 Bh8 30. Bg2 Nf6 31. Rh3 Ng8 32. Nxh6 Nxh6
33. f5 Ne5 34. Bxh6 Qxh6 35. Rxh6+ Kxh6 36. Qd2+ Kh7 37. f6
Rg8 38. Bh3 Ng6 39. Qg5 Re8 40. Be6 1-0

[Event "European Team Championship (Women)"]
[Site "Warsaw POL"]
[Date "2013.11.08"]
[EventDate "2013.11.08"]
[Round "1.12"]
[Result "1/2-1/2"]
[White "Ebru Kaplan"]
[Black "Andjelija Stojanovic"]
[WhiteElo "1882"]
[BlackElo "2293"]
[PlyCount "87"]

1. e4 c5 2. Nf3 Nc6 3. d4 cxd4 4. Nxd4 Nf6 5. Nc3 d6 6. Bg5
Bd7 7. Qd2 Nxd4 8. Qxd4 Qa5 9. f4 h6 10. Bxf6 gxf6 11. Be2 h5
12. O-O Rc8 13. b4 Qb6 14. Qxb6 axb6 15. Nd5 f5 16. Nxb6 Rxc2
17. Bd1 Rb2 18. Nxd7 Kxd7 19. Ba4+ Kd8 20. exf5 Rxb4 21. Bb3
Bg7 22. Rac1 Rb5 23. Bxf7 Rxf5 24. Be6 Rc5 25. Rfd1 Bd4+
26. Kf1 Rf8 27. g3 Kc7 28. Ke2 Ra8 29. Kd3 Bb2 30. Rxc5+ dxc5
31. h3 Ra3+ 32. Kc2 Bd4 33. Rd3 Ra6 34. f5 Rd6 35. g4 hxg4
36. hxg4 Bf6 37. Rg3 Bg5 38. Rd3 b5 39. Rd5 Rxd5 40. Bxd5 Kd6
41. Bf3 Bf6 42. Be2 c4 43. a4 bxa4 44. Bxc4 1/2-1/2

[Event "European Team Championship (Women)"]
[Site "Warsaw POL"]
[Date "2013.11.17"]
[EventDate "2013.11.08"]
[Round "9.10"]
[Result "0-1"]
[White "Marina Brunello"]
[Black "Andjelija Stojanovic"]
[WhiteElo "2248"]
[BlackElo "2293"]
[PlyCount "52"]

1. e4 c5 2. Nf3 g6 3. c4 Bg7 4. d4 d6 5. Nc3 Bg4 6. dxc5 dxc5
7. Qb3 Qc8 8. Bf4 Bxf3 9. gxf3 Nf6 10. h4 O-O 11. Bh3 e6
12. Bd6 Rd8 13. e5 Nh5 14. Nd5 Rd7 15. f4 exd5 16. Qf3 Qc6
17. cxd5 Qa4 18. Bxd7 Nxd7 19. e6 fxe6 20. dxe6 Qb4+ 21. Kf1
Qc4+ 22. Kg2 Qxe6 23. Rhd1 Bd4 24. Qxb7 Re8 25. Bc7 Qg4+
26. Kf1 Qe2+ 0-1

[Event "Chess Olympiad (Women)"]
[Site "Tromso NOR"]
[Date "2014.08.03"]
[EventDate "2014.08.02"]
[Round "2.21"]
[Result "1/2-1/2"]
[White "Andjelija Stojanovic"]
[Black "Ingris Rivera"]
[WhiteElo "2297"]
[BlackElo "2210"]
[PlyCount "155"]

1. d4 Nf6 2. Bg5 Ne4 3. Bf4 e6 4. e3 d5 5. Bd3 Bd6 6. Ne2 O-O
7. O-O b6 8. c4 Bb7 9. Qc2 h6 10. cxd5 exd5 11. Nbc3 Nxc3
12. Qxc3 Nc6 13. Rac1 Rc8 14. Bf5 Rb8 15. Bb1 Bxf4 16. Nxf4
Qd6 17. a3 Rbc8 18. Bf5 Rce8 19. b4 Re7 20. Bb1 Nb8 21. b5 c6
22. a4 Rc8 23. Rfd1 g6 24. Qb3 Nd7 25. bxc6 Rxc6 26. Nxd5 Re8
27. Ba2 Rf8 28. Rxc6 Bxc6 29. Rc1 Kg7 30. Nb4 Bb7 31. Nd5 Nb8
32. Qb4 Qe6 33. Nc3 Qg4 34. Bd5 Nc6 35. Qd6 Rd8 36. Qg3 Qd7
37. Bf3 Nb4 38. Bxb7 Qxb7 39. Nb5 Nd5 40. Qe5+ f6 41. Qe6 Qd7
42. Qxd7+ Rxd7 43. Kf1 a6 44. Na3 f5 45. Ke2 Rb7 46. Kd2 b5
47. axb5 axb5 48. f3 b4 49. Nc4 Ra7 50. Rb1 Ra4 51. Rb3 Ra1
52. e4 fxe4 53. fxe4 Nf6 54. Rxb4 Nxe4+ 55. Ke3 Nc3 56. Rb7+
Kf6 57. Ne5 Nd5+ 58. Ke4 Nc3+ 59. Kd3 Nd5 60. Rf7+ Ke6 61. Rf2
Rd1+ 62. Ke2 Rxd4 63. Nxg6 Ra4 64. Nf8+ Ke7 65. Ng6+ Ke6
66. g3 Ra2+ 67. Kf3 Rxf2+ 68. Kxf2 Kf5 69. Nh4+ Kg4 70. Ng2
Nf6 71. Nf4 h5 72. h3+ Kf5 73. Kf3 Kg5 74. Ke3 h4 75. Ne6+ Kh5
76. Nf4+ Kg5 77. Ne6+ Kh5 78. Nf4+ 1/2-1/2

[Event "Chess Olympiad (Women)"]
[Site "Tromso NOR"]
[Date "2014.08.04"]
[EventDate "2014.08.02"]
[Round "3.18"]
[Result "1/2-1/2"]
[White "Mokhinur Kakhramonova"]
[Black "Andjelija Stojanovic"]
[WhiteElo "2044"]
[BlackElo "2297"]
[PlyCount "102"]

1. e4 c5 2. Nf3 Nc6 3. d4 cxd4 4. Nxd4 e5 5. Nf3 Nf6 6. Bc4
Bb4+ 7. c3 Be7 8. O-O O-O 9. Re1 h6 10. b4 Qc7 11. Qc2 b5
12. Bb3 Bb7 13. Qe2 a5 14. Na3 axb4 15. Nxb5 Qb6 16. c4 Bc5
17. Rf1 Na5 18. Bc2 d6 19. a3 Qc6 20. Nd2 Ba6 21. Bd3 Rab8
22. axb4 Bxb4 23. Rb1 Bc5 24. Nc3 Rxb1 25. Ncxb1 Bd4 26. Ba3
Rc8 27. Rc1 Qb6 28. Nc3 Bxc3 29. Rxc3 Bb7 30. Kf1 Qd4 31. Bb4
Nc6 32. Nb3 Qa7 33. Bxd6 Nd4 34. Nxd4 Qxd4 35. Bb4 Nxe4
36. Bxe4 Bxe4 37. f3 Bc6 38. Rd3 Qb6 39. Bc3 f6 40. Qb2 Qa6
41. Qb3 Be8 42. Kf2 Bf7 43. Rd7 Bxc4 44. Qb4 Be6 45. Re7 Qc6
46. Bd2 Rd8 47. Rxg7+ Kxg7 48. Qe7+ Bf7 49. Qxd8 Qd5 50. Qxd5
Bxd5 51. g3 Kg6 1/2-1/2

[Event "Chess Olympiad (Women)"]
[Site "Tromso NOR"]
[Date "2014.08.05"]
[EventDate "2014.08.02"]
[Round "4.11"]
[Result "1-0"]
[White "Andjelija Stojanovic"]
[Black "Tania Sachdev"]
[WhiteElo "2297"]
[BlackElo "2418"]
[PlyCount "65"]

1. c4 Nf6 2. g3 e6 3. Nf3 d5 4. b3 Be7 5. Bg2 b6 6. Bb2 Bb7
7. O-O O-O 8. e3 c5 9. Nc3 Nc6 10. cxd5 exd5 11. d4 Re8 12. a3
Bf8 13. Rc1 Rb8 14. dxc5 bxc5 15. Na4 Ne4 16. Nd2 Qa5 17. Nxe4
dxe4 18. Qc2 Ne5 19. Nxc5 Nf3+ 20. Bxf3 exf3 21. b4 Qb5
22. Qc4 Qb6 23. Nxb7 Qxb7 24. Qf4 a5 25. Be5 Ra8 26. Rfd1 Qb5
27. Bc3 axb4 28. Bxb4 Qh5 29. h4 h6 30. Rc7 g5 31. Qf5 Bg7
32. Rdd7 Qg6 33. Qxg6 1-0

[Event "Chess Olympiad (Women)"]
[Site "Tromso NOR"]
[Date "2014.08.06"]
[EventDate "2014.08.02"]
[Round "5.6"]
[Result "1-0"]
[White "Andjelija Stojanovic"]
[Black "Anna Ushenina"]
[WhiteElo "2297"]
[BlackElo "2487"]
[PlyCount "107"]

1. e4 c6 2. d3 d5 3. Nd2 e5 4. Ngf3 Nd7 5. g3 Ngf6 6. Bg2 dxe4
7. dxe4 Bc5 8. O-O O-O 9. a4 a5 10. b3 b5 11. Bb2 Re8 12. Ne1
Qc7 13. Nd3 Bb6 14. b4 Bb7 15. c4 axb4 16. cxb5 cxb5 17. axb5
Rxa1 18. Bxa1 Bc5 19. Qb3 Qb6 20. Nxb4 Qxb5 21. Nd5 Qxb3
22. Nxb3 Bd6 23. Na5 Bxd5 24. exd5 e4 25. Nc4 Bc5 26. Bh3 Rd8
27. Rd1 Nb6 28. Nxb6 Bxb6 29. Bxf6 gxf6 30. d6 e3 31. fxe3
Bxe3+ 32. Kg2 Kf8 33. Kf3 Bc5 34. d7 Be7 35. Rc1 Bd6 36. Rc8
Ke7 37. Bf5 h6 38. Kg4 Bb4 39. Kh5 Bd2 40. Rc2 Ba5 41. Re2+
Kf8 42. Kxh6 Bb6 43. Rc2 Bg1 44. Rc8 Bb6 45. Kh5 Kg7 46. Kg4
Kf8 47. Kf3 Ke7 48. h4 Ba5 49. Ke2 Kf8 50. h5 Kg7 51. Kd3 Bb6
52. Kc4 Rh8 53. h6+ Rxh6 54. Kb5 1-0

[Event "Chess Olympiad (Women)"]
[Site "Tromso NOR"]
[Date "2014.08.08"]
[EventDate "2014.08.02"]
[Round "6.3"]
[Result "0-1"]
[White "Andjelija Stojanovic"]
[Black "Alexandra Kosteniuk"]
[WhiteElo "2297"]
[BlackElo "2531"]
[PlyCount "132"]

1. Nf3 d5 2. g3 c6 3. Bg2 Bf5 4. b3 Nf6 5. Bb2 e6 6. Nh4 Bg4
7. h3 Bh5 8. O-O Bd6 9. d3 Nbd7 10. Qe1 Qb6 11. g4 Bg6 12. e4
Bf4 13. Nc3 O-O-O 14. Na4 Qc7 15. Bc1 dxe4 16. dxe4 Bxc1
17. Rxc1 Qf4 18. Nc3 h5 19. Nxg6 fxg6 20. gxh5 gxh5 21. Ne2
Qc7 22. Nd4 Nc5 23. Qe3 e5 24. Nf5 b6 25. a4 h4 26. a5 g6
27. axb6 axb6 28. b4 Ne6 29. Qb3 Nf4 30. Ne3 Ne2+ 31. Kh1 Nxc1
32. Rxc1 Kb7 33. b5 cxb5 34. Qxb5 Qc5 35. Qb3 Rhf8 36. Rb1 Nd7
37. Kg1 Rf6 38. Qd5+ Qxd5 39. exd5 Kc7 40. Ra1 Kd6 41. Ra7 Rc8
42. Bf1 Rf4 43. Bb5 Rc7 44. Ra8 Rf8 45. Ra4 Rf4 46. Ra8 Kc5
47. Bxd7 Rxd7 48. Rc8+ Kb5 49. c4+ Ka5 50. Ra8+ Kb4 51. Re8
Kc5 52. Rxe5 Rdf7 53. Rg5 Rxf2 54. Rxg6 Re2 55. Ng4 Ra7
56. Nf2 Ra1+ 57. Kg2 Raa2 58. Rf6 Kxc4 59. d6 Red2 60. Kf1 b5
61. Rf4+ Kb3 62. Rf3+ Ka4 63. Rf6 b4 64. Ke1 b3 65. Rf4+ Ka3
66. Ne4 Rh2 0-1

[Event "Chess Olympiad (Women)"]
[Site "Tromso NOR"]
[Date "2014.08.09"]
[EventDate "2014.08.02"]
[Round "7.7"]
[Result "1-0"]
[White "Lela Javakhishvili"]
[Black "Andjelija Stojanovic"]
[WhiteElo "2478"]
[BlackElo "2297"]
[PlyCount "91"]

1. d4 Nf6 2. c4 g6 3. Nf3 Bg7 4. g3 O-O 5. Bg2 d6 6. Nc3 Nc6
7. O-O Bf5 8. d5 Na5 9. Nd2 c5 10. e4 Bg4 11. Qc2 a6 12. b3 b5
13. Bb2 Rb8 14. h3 Bd7 15. Nd1 e6 16. Rb1 bxc4 17. bxc4 Bh6
18. f4 Nh5 19. Qc3 e5 20. Nb3 Nxb3 21. axb3 Bg7 22. g4 exf4
23. Qd3 Bxb2 24. Rxb2 Ng7 25. Rxf4 Rb7 26. Qc3 Qb8 27. Nf2 Ba4
28. Rf3 Re8 29. e5 Rxe5 30. Nd3 Be8 31. Nxe5 dxe5 32. Rf6 a5
33. d6 Rb6 34. Qxe5 a4 35. Qxc5 Ne6 36. Qf2 Rxd6 37. Bd5 Ng5
38. Qg3 Qb6+ 39. Rff2 a3 40. Re2 Bd7 41. Kh2 Rf6 42. Rxf6 Qxf6
43. Qb8+ Kg7 44. Qe5 Qxe5+ 45. Rxe5 Be6 46. Bg2 1-0

[Event "Chess Olympiad (Women)"]
[Site "Tromso NOR"]
[Date "2014.08.10"]
[EventDate "2014.08.02"]
[Round "8.13"]
[Result "0-1"]
[White "Emma Guo"]
[Black "Andjelija Stojanovic"]
[WhiteElo "2044"]
[BlackElo "2297"]
[PlyCount "80"]

1. d4 d6 2. Nf3 Nf6 3. g3 g6 4. Bg2 Bg7 5. c4 O-O 6. O-O Nc6
7. Nc3 Bf5 8. Ne1 Na5 9. e4 Bg4 10. f3 Bd7 11. Qe2 c5 12. d5
a6 13. f4 e6 14. e5 Ne8 15. Nf3 exd5 16. cxd5 Bg4 17. h3 Bxf3
18. Bxf3 Nc7 19. exd6 Ne8 20. Be3 b6 21. Ne4 Nxd6 22. Nxd6
Qxd6 23. Rfe1 Rfe8 24. Rad1 Re7 25. Qc2 Rae8 26. Bf2 h5 27. h4
Nb7 28. Rxe7 Rxe7 29. Re1 Rxe1+ 30. Bxe1 Qe7 31. Bf2 Nd6
32. b4 Bd4 33. bxc5 bxc5 34. Bxd4 Qe1+ 35. Kg2 cxd4 36. Qe2
Qc3 37. Be4 Nxe4 38. Qxe4 d3 39. Kf2 d2 40. Ke2 Qc1 0-1

[Event "Chess Olympiad (Women)"]
[Site "Tromso NOR"]
[Date "2014.08.11"]
[EventDate "2014.08.02"]
[Round "9.11"]
[Result "1/2-1/2"]
[White "Andjelija Stojanovic"]
[Black "Julia Kochetkova"]
[WhiteElo "2297"]
[BlackElo "2338"]
[PlyCount "139"]

1. Nf3 d5 2. g3 Bg4 3. Bg2 Nd7 4. d3 e6 5. Nbd2 Bd6 6. h3 Bh5
7. O-O Ne7 8. Qe1 O-O 9. e4 f6 10. Nd4 Bf7 11. exd5 exd5
12. Ne6 Bxe6 13. Qxe6+ Kh8 14. d4 Nb6 15. c4 dxc4 16. Bxb7 Rb8
17. Bg2 Bb4 18. Nxc4 Qxd4 19. Nxb6 axb6 20. Bf4 Bc5 21. Rad1
Qxb2 22. Bxc7 Rbe8 23. Qb3 Qxb3 24. axb3 Nf5 25. b4 Bxb4
26. Bxb6 Re6 27. Bc7 Rfe8 28. Rd5 Ne7 29. Rb5 Bd2 30. h4 Ng6
31. h5 Ne5 32. Rd1 Bh6 33. f4 Nc4 34. Bd5 R6e7 35. Bxc4 Rxc7
36. Bb3 g6 37. Kg2 Bf8 38. Rbd5 Kg7 39. Rd7+ Rxd7 40. Rxd7+
Re7 41. Rd8 gxh5 42. Bd1 h4 43. gxh4 Rb7 44. Bf3 Be7 45. Rd2
Rc7 46. Be4 f5 47. Bxf5 Bxh4 48. Kh3 Bf6 49. Kg4 Bc3 50. Rd8
Bf6 51. Rb8 Be7 52. Be4 h5+ 53. Kf5 h4 54. Bd5 Rc2 55. Rg8+
Kh7 56. Re8 Rc7 57. Ke6 Bb4 58. f5 Kh6 59. f6 Kg5 60. f7 Kg4
61. f8=Q Bxf8 62. Rxf8 h3 63. Rg8+ Kf4 64. Rh8 Kg3 65. Kd6 Rc3
66. Ke5 Rc5 67. Kd4 Rxd5+ 68. Kxd5 h2 69. Ke4 Kg2 70. Rxh2+
1/2-1/2

[Event "Chess Olympiad (Women)"]
[Site "Tromso NOR"]
[Date "2014.08.12"]
[EventDate "2014.08.02"]
[Round "10.15"]
[Result "1-0"]
[White "Stavroula Tsolakidou"]
[Black "Andjelija Stojanovic"]
[WhiteElo "2240"]
[BlackElo "2297"]
[PlyCount "123"]

1. e4 e5 2. Nf3 Nc6 3. Bb5 a6 4. Ba4 Nge7 5. c3 g6 6. d4 exd4
7. cxd4 Bg7 8. d5 b5 9. Bc2 Na5 10. Bd2 Nc4 11. Bc3 Bxc3+
12. Nxc3 d6 13. Qd4 O-O 14. b3 c5 15. Qf6 Na3 16. Bd1 Nc6
17. Qf4 Nd4 18. Nxd4 cxd4 19. Ne2 Qa5+ 20. Qd2 Qxd2+ 21. Kxd2
f5 22. Nxd4 fxe4 23. Ke3 Bb7 24. Nc6 Rae8 25. g4 Bxc6 26. dxc6
b4 27. g5 Rf5 28. Rc1 Rxg5 29. h4 Rf5 30. Bg4 Nb5 31. Bxf5
gxf5 32. Rhd1 Kf7 33. Rc4 Ke6 34. c7 Rc8 35. Rc6 Kd7 36. Rxa6
Rxc7 37. Rb6 Rc5 38. Rb7+ Ke6 39. Rxh7 Nc3 40. Rh6+ Ke5
41. f4+ exf3 42. Rdxd6 Nd5+ 43. Kxf3 Rc3+ 44. Ke2 Rc2+ 45. Kd3
Rc3+ 46. Kd2 Rh3 47. Rhe6+ Kd4 48. Rd8 Rh2+ 49. Kd1 Rh1+
50. Ke2 Rxh4 51. Red6 Re4+ 52. Kf3 Re3+ 53. Kf2 Re5 54. Rc6
Re4 55. Rc4+ Ke5 56. Re8+ Kf4 57. Re6 Nc3 58. Rexe4+ fxe4
59. Rxb4 Nxa2 60. Rc4 Ke5 61. Ke3 Kd5 62. Kf4 1-0

[Event "Chess Olympiad (Women)"]
[Site "Tromso NOR"]
[Date "2014.08.14"]
[EventDate "2014.08.02"]
[Round "11.10"]
[Result "1-0"]
[White "Silvia (Aleksieva) Collas"]
[Black "Andjelija Stojanovic"]
[WhiteElo "2316"]
[BlackElo "2297"]
[PlyCount "101"]

1. c4 c5 2. Nc3 Nc6 3. g3 g6 4. Bg2 Bg7 5. Nf3 d6 6. O-O e6
7. e3 Nge7 8. d4 O-O 9. d5 Na5 10. Nd2 e5 11. a3 b6 12. b4 Nb7
13. Rb1 h5 14. Nce4 Nf5 15. h4 Qc7 16. Bb2 Bd7 17. Qe2 cxb4
18. axb4 a5 19. c5 bxc5 20. bxc5 Nxc5 21. Rfc1 Rab8 22. Nxc5
dxc5 23. Ne4 Bb5 24. Qd1 c4 25. Ba3 Rfd8 26. d6 Qa7 27. Qd5
Qd7 28. Ng5 Bf6 29. Nxf7 Qxf7 30. Rxb5 Rxb5 31. Qxb5 Nxd6
32. Qxa5 Nf5 33. Bf1 Rc8 34. Qa6 Rc7 35. Bxc4 Rxc4 36. Qxc4
Qxc4 37. Rxc4 Kf7 38. Kg2 Be7 39. Bxe7 Nxe7 40. Kf3 Nf5
41. Rc6 Nh6 42. Ke4 Kg7 43. Kd5 Ng4 44. Rc2 Kf6 45. e4 g5
46. Rc6+ Kg7 47. hxg5 Nxf2 48. Kxe5 Ng4+ 49. Kf4 Kh7 50. e5
Kg7 51. e6 1-0

[Event "European Team Championship (Women)"]
[Site "Reykjavik ISL"]
[Date "2015.11.13"]
[EventDate "2015.11.13"]
[Round "1.12"]
[Result "1-0"]
[White "Andjelija Stojanovic"]
[Black "Inna Agrest"]
[WhiteElo "2357"]
[BlackElo "2175"]
[PlyCount "133"]

1. d4 Nf6 2. Bg5 c5 3. Bxf6 gxf6 4. d5 d6 5. e3 Bg7 6. c4 f5
7. Qc2 Nd7 8. Nc3 Ne5 9. Nh3 Bd7 10. Be2 h5 11. Nf4 h4 12. O-O
Rg8 13. Rab1 Bh6 14. b4 b6 15. bxc5 dxc5 16. Rbd1 Qb8 17. d6
e6 18. Nh5 Rg6 19. f4 Qb7 20. Nd5 exd5 21. fxe5 O-O-O 22. Bf3
Rdg8 23. Kh1 Bxe3 24. Nf6 Rxf6 25. exf6 h3 26. g3 f4 27. Bxd5
Qa6 28. gxf4 Rg6 29. Rde1 Bd4 30. Re7 Qa3 31. Rxf7 Rxf6
32. Rxf6 Bxf6 33. Qe2 Qc3 34. Be6 Kd8 35. Bxd7 Kxd7 36. Re1
Kxd6 37. Qe6+ Kc7 38. Qf7+ Kc8 39. Qe6+ Kc7 40. Qf7+ Kc8
41. Qe8+ Kc7 42. Qe4 Kd6 43. a4 Kc7 44. Rd1 Bd4 45. Qd3 Qb4
46. a5 Qxa5 47. Qxh3 Qa4 48. Qh7+ Kc6 49. Qe4+ Kc7 50. Rc1 Qb3
51. Qa8 Qe3 52. Qxa7+ Kc8 53. Qa8+ Kc7 54. Rf1 Qe2 55. Qa7+
Kc8 56. Qa8+ Kc7 57. Qf3 Qxc4 58. f5 Bf6 59. Rd1 Qc2 60. Qd5
Qc3 61. Qf7+ Kb8 62. Qe8+ Kb7 63. Qe4+ Kc7 64. Qa8 Bd4 65. Qd5
Qc2 66. Re1 Be3 67. Qe5+ 1-0

[Event "European Team Championship (Women)"]
[Site "Reykjavik ISL"]
[Date "2015.11.14"]
[EventDate "2015.11.13"]
[Round "2.1"]
[Result "1-0"]
[White "Sabrina Vega Gutierrez"]
[Black "Andjelija Stojanovic"]
[WhiteElo "2392"]
[BlackElo "2357"]
[PlyCount "79"]

1. e4 d6 2. d4 Nf6 3. Nc3 e5 4. Nf3 exd4 5. Nxd4 Be7 6. Qf3
O-O 7. Nf5 Bxf5 8. Qxf5 Nc6 9. Be3 Qc8 10. Qxc8 Raxc8 11. f3
a6 12. O-O-O Rfe8 13. g4 Ne5 14. Be2 Bf8 15. g5 Nfd7 16. f4
Ng6 17. h4 b5 18. h5 Ne7 19. Bg4 Rcd8 20. Rhe1 Nc8 21. Nd5 c6
22. Nc7 Rxe4 23. Bf3 Re7 24. Nxa6 d5 25. Bf2 Rxe1 26. Bxe1 Bd6
27. Bd2 Ne7 28. Nb4 Nc5 29. f5 f6 30. h6 fxg5 31. hxg7 Nxf5
32. Nxc6 Re8 33. Bxd5+ Kxg7 34. Bxg5 Re2 35. Rg1 Bh2 36. Rf1
Kg6 37. Bd2 Ne4 38. Rxf5 Nxd2 39. Nd4 Nc4 40. Bf7+ 1-0

[Event "European Team Championship (Women)"]
[Site "Reykjavik ISL"]
[Date "2015.11.15"]
[EventDate "2015.11.13"]
[Round "3.3"]
[Result "0-1"]
[White "Andjelija Stojanovic"]
[Black "Szidonia Lazarne Vajda"]
[WhiteElo "2357"]
[BlackElo "2358"]
[PlyCount "142"]

1. c4 Nf6 2. Nf3 g6 3. g3 Bg7 4. Bg2 O-O 5. O-O c6 6. d4 d6
7. Nc3 Qa5 8. e4 e5 9. h3 Nbd7 10. Be3 exd4 11. Nxd4 Nb6
12. Nb3 Qh5 13. Qxh5 Nxh5 14. g4 Nf6 15. Na5 h5 16. g5 Nfd7
17. Rad1 Ne5 18. b3 Nexc4 19. Nxc4 Nxc4 20. Bd4 Nb6 21. Bxg7
Kxg7 22. Rxd6 a5 23. f4 a4 24. b4 Nc4 25. Rd3 Be6 26. e5 Rfd8
27. Rfd1 Rxd3 28. Rxd3 Nb2 29. Rd4 a3 30. Rd2 Nc4 31. Rd3 Nb2
32. Rd2 Ra6 33. b5 cxb5 34. Nxb5 Bxa2 35. Nxa3 Rxa3 36. Rxb2
Be6 37. Bxb7 Rxh3 38. Kg2 Rc3 39. Rf2 h4 40. Be4 Rg3+ 41. Kh2
Rh3+ 42. Kg2 Re3 43. Bc6 Rc3 44. Be4 Rc4 45. Bb7 Rb4 46. Bc6
Kf8 47. Kh2 Ke7 48. Bg2 Bf5 49. Bd5 Rd4 50. Bb7 Rb4 51. Bd5
Bd7 52. Bg2 Be6 53. Bc6 Bg4 54. Bd5 Rd4 55. Bb7 Bf5 56. Bg2
Ke6 57. Bb7 Rc4 58. Ba6 Rc3 59. Bb7 Rh3+ 60. Kg2 Rg3+ 61. Kh2
Rc3 62. Bg2 Rc4 63. Bf1 Rb4 64. Ba6 Kd5 65. Bf1 Kd4 66. Re2
Bg4 67. Rg2 Bf3 68. Ra2 Ke3 69. Bh3 Kxf4 70. e6 fxe6 71. Bxe6
Rb1 0-1

[Event "European Team Championship (Women)"]
[Site "Reykjavik ISL"]
[Date "2015.11.17"]
[EventDate "2015.11.13"]
[Round "5.5"]
[Result "1/2-1/2"]
[White "Elina Danielian"]
[Black "Andjelija Stojanovic"]
[WhiteElo "2474"]
[BlackElo "2357"]
[PlyCount "83"]

1. Nf3 Nf6 2. c4 g6 3. g3 Bg7 4. Bg2 O-O 5. O-O d6 6. d4 c6
7. Nc3 Qa5 8. e4 e5 9. dxe5 dxe5 10. h3 Nbd7 11. Be3 Nb6
12. Qd3 Be6 13. b3 h6 14. a3 Nbd7 15. Rfd1 Rfe8 16. b4 Qc7
17. Rac1 Nb6 18. Nd5 Qd8 19. Nxb6 Qxd3 20. Rxd3 axb6 21. Nxe5
Nxe4 22. Nxg6 Nxf2 23. Bxf2 fxg6 24. b5 Bb2 25. Rc2 Rxa3
26. Rxa3 Bxa3 27. Bxb6 Bd6 28. bxc6 bxc6 29. g4 c5 30. Rd2 Bf8
31. Bd5 Bxd5 32. Rxd5 Re4 33. Bxc5 Rxc4 34. Be3 Rc2 35. Rd8
Kf7 36. Rd7+ Ke6 37. Rh7 g5 38. Bf2 Kf6 39. Rb7 Bc5 40. Bxc5
Rxc5 41. Rb6+ Kg7 42. Kg2 1/2-1/2

[Event "European Team Championship (Women)"]
[Site "Reykjavik ISL"]
[Date "2015.11.19"]
[EventDate "2015.11.13"]
[Round "6.3"]
[Result "1/2-1/2"]
[White "Andjelija Stojanovic"]
[Black "Cristina-Adela Foisor"]
[WhiteElo "2357"]
[BlackElo "2346"]
[PlyCount "104"]

1. e4 e5 2. Nf3 Nc6 3. Bc4 Bc5 4. O-O Nf6 5. d4 Bxd4 6. Nxd4
Nxd4 7. f4 d6 8. fxe5 dxe5 9. Bg5 Qe7 10. Na3 Be6 11. c3 Bxc4
12. Nxc4 Ne6 13. Bxf6 Qc5+ 14. Kh1 Qxc4 15. Bxe5 O-O 16. Qf3
Rad8 17. b3 Qc6 18. h4 f6 19. Bh2 Nc5 20. e5 Qxf3 21. Rxf3 f5
22. e6 Nxe6 23. Re1 Rde8 24. h5 g6 25. hxg6 hxg6 26. Be5 Rf7
27. Bd4 b6 28. c4 Rh7+ 29. Kg1 Kf7 30. Rfe3 Ng7 31. Be5 Re7
32. b4 Ne8 33. c5 Nf6 34. Ra3 bxc5 35. Rxa7 cxb4 36. Rxc7 Rxc7
37. Bxc7 Nd5 38. Bd6 Rh4 39. a3 bxa3 40. Bxa3 Ra4 41. Bd6 Ra2
42. g4 f4 43. g5 Ra6 44. Be5 Ra3 45. Re4 Re3 46. Rxe3 fxe3
47. Kg2 Ke6 48. Bg3 Kf5 49. Kf3 Kxg5 50. Ke4 Kg4 51. Be1 Nf4
52. Bb4 Ng2 1/2-1/2

[Event "European Team Championship (Women)"]
[Site "Reykjavik ISL"]
[Date "2015.11.21"]
[EventDate "2015.11.13"]
[Round "8.4"]
[Result "1/2-1/2"]
[White "Elisabeth Paehtz"]
[Black "Andjelija Stojanovic"]
[WhiteElo "2462"]
[BlackElo "2357"]
[PlyCount "86"]

1. e4 d6 2. Nc3 e5 3. Bc4 Nf6 4. d3 Be7 5. f4 exf4 6. Bxf4 O-O
7. Nf3 c6 8. Bb3 d5 9. exd5 cxd5 10. O-O Nc6 11. Kh1 d4
12. Ne2 Bg4 13. h3 Bxf3 14. Rxf3 Rc8 15. a3 Nd5 16. Qd2 Kh8
17. Re1 Bh4 18. Ref1 Nxf4 19. Qxf4 Bg5 20. Qh2 f6 21. Rf5 Ne7
22. R5f3 Nc6 23. Qg3 Re8 24. Nf4 Bxf4 25. Rxf4 Re5 26. Qg4 Rg5
27. Qf3 Qe7 28. Re4 Re5 29. Rfe1 Re8 30. Rxe5 Nxe5 31. Qf4 Rd8
32. Re4 Qd6 33. h4 h6 34. a4 Qc5 35. Re2 Qc8 36. Re4 Qd7
37. Kg1 b6 38. Qg3 Qf5 39. Qf2 Qd7 40. Qf4 Ng6 41. Qf2 Ne5
42. Qf4 Ng6 43. Qf2 Ne5 1/2-1/2